000
00429nam a2200181Ia 4500
008
090123s9999 xx 000 0 und d
082
_b
25448
100
_a
पै शिरीष
245
_a
सय
250
_a
1
260
_b
दिलिप प्रकाशन
300
_a
176
600
_a
पै शिरीष
630
_a
सय
700
_a
पै शिरीष
730
_a
सय
942
_c
BOOK
999
_c
63519
_d
63519